|
|
|
|
| LEADER |
00000cam a2200000 7i4500 |
| 001 |
0000021861 |
| 005 |
20090122.0 |
| 008 |
081023 my a f may |
| 040 |
|
|
|a INS
|
| 090 |
0 |
0 |
|a E12
|
| 110 |
1 |
|
|a Kursus pengurusan kewangan
|k 2008 18 - 21 Februari
|c INSPEN, Bangi
|
| 245 |
0 |
0 |
|a Kursus pengurusan kewangan :
|b 18 - 21 Februari 2008
|c Anjuran Pusat Pengurusan dan Teknologi Maklumat INSPEN
|
| 260 |
|
|
|a Bangi :
|b Institut Penilaian Negara ,
|c 2008
|
| 300 |
|
|
|a 1v.( Mukasurat pelbagai ) :
|b ill. ;
|c 30 cm.
|
| 650 |
0 |
0 |
|a Finance
|z Malaysia
|x Management
|
| 650 |
0 |
0 |
|a Government purchasing
|z Malaysia
|
| 710 |
1 |
|
|a INSPEN ( Institut Penilaian Negara )
|
| 856 |
|
|
|u http://app.inspen.gov.my:7779/pls/portal/docs/PAGE/CORPORATEPAGES/PORTAL_INSPEN/NOTA_KURSUS/KEWANGAN/KURSUS%20PENGURUSAN%20KEWANGAN%20(2008).PDF
|
| 999 |
|
|
|a E000000023
|b BOOK
|c Course Notes
|e Default branch
|
| 999 |
|
|
|a E000000024
|b BOOK
|c Course Notes
|e Default branch
|
| 999 |
|
|
|a E000000026
|b BOOK
|c Course Notes
|e Default branch
|